<?xml version="1.0" encoding="UTF-8"?>
<record
    xmlns:xsi="http://www.w3.org/2001/XMLSchema-instance"
    xsi:schemaLocation="http://www.loc.gov/MARC21/slim http://www.loc.gov/standards/marcxml/schema/MARC21slim.xsd"
    xmlns="http://www.loc.gov/MARC21/slim">

  <leader>00904caa a22002417a 4500</leader>
  <datafield tag="999" ind1=" " ind2=" ">
    <subfield code="c">419397</subfield>
    <subfield code="d">419397</subfield>
  </datafield>
  <controlfield tag="001"> 131156 </controlfield>
  <controlfield tag="003">UA-OsUOA</controlfield>
  <controlfield tag="005">20200127105628.0</controlfield>
  <controlfield tag="007">ta</controlfield>
  <controlfield tag="008">20180523b un ||||| |||| 00| 0 ukr d</controlfield>
  <datafield tag="040" ind1=" " ind2=" ">
    <subfield code="a">UA-OsUOA</subfield>
    <subfield code="b">ukr</subfield>
    <subfield code="c">UA-OsUOA</subfield>
    <subfield code="d">UA-OsUOA</subfield>
  </datafield>
  <datafield tag="041" ind1=" " ind2=" ">
    <subfield code="a">ukr</subfield>
  </datafield>
  <datafield tag="080" ind1=" " ind2=" ">
    <subfield code="a">908</subfield>
  </datafield>
  <datafield tag="090" ind1=" " ind2=" ">
    <subfield code="a">908</subfield>
    <subfield code="b">&#x41E;-52</subfield>
  </datafield>
  <datafield tag="100" ind1=" " ind2=" ">
    <subfield code="a">&#x41E;&#x43A;&#x441;&#x435;&#x43D;&#x44E;&#x43A; &#x41E;.</subfield>
  </datafield>
  <datafield tag="245" ind1=" " ind2=" ">
    <subfield code="a">&#x420;&#x43E;&#x43B;&#x44C; &#x43D;&#x430;&#x440;&#x43E;&#x434;&#x43D;&#x43E;&#x433;&#x43E; &#x445;&#x443;&#x434;&#x43E;&#x436;&#x43D;&#x438;&#x43A;&#x430; &#x423;&#x43A;&#x440;&#x430;&#x457;&#x43D;&#x438; &#x41C;&#x438;&#x43A;&#x43E;&#x43B;&#x438; &#x413;&#x43B;&#x443;&#x449;&#x435;&#x43D;&#x43A;&#x430; &#x443; &#x43C;&#x443;&#x437;&#x435;&#x439;&#x43D;&#x438;&#x445; &#x444;&#x43E;&#x43D;&#x434;&#x430;&#x445; &#x43C;. &#x41E;&#x441;&#x442;&#x440;&#x43E;&#x433;&#x430;</subfield>
    <subfield code="c">&#x41E;. &#x41E;&#x43A;&#x441;&#x435;&#x43D;&#x44E;&#x43A; </subfield>
  </datafield>
  <datafield tag="300" ind1=" " ind2=" ">
    <subfield code="a">&#x421;. 203&#x2013;206</subfield>
  </datafield>
  <datafield tag="650" ind1=" " ind2="7">
    <subfield code="a">908 &#x41A;&#x440;&#x430;&#x454;&#x437;&#x43D;&#x430;&#x432;&#x441;&#x442;&#x432;&#x43E;</subfield>
    <subfield code="2">UDC</subfield>
  </datafield>
  <datafield tag="773" ind1="0" ind2=" ">
    <subfield code="0">387794</subfield>
    <subfield code="9">411657</subfield>
    <subfield code="d">&#x41E;&#x441;&#x442;&#x440;&#x43E;&#x433; &#x41D;&#x430;&#x423;&#x41E;&#x410; 2013</subfield>
    <subfield code="o">143116</subfield>
    <subfield code="t">&#x410;&#x43A;&#x442;&#x443;&#x430;&#x43B;&#x44C;&#x43D;&#x456; &#x43F;&#x438;&#x442;&#x430;&#x43D;&#x43D;&#x44F; &#x456;&#x441;&#x442;&#x43E;&#x440;&#x456;&#x457; &#x442;&#x430; &#x43A;&#x443;&#x43B;&#x44C;&#x442;&#x443;&#x440;&#x438; &#x423;&#x43A;&#x440;&#x430;&#x457;&#x43D;&#x438;</subfield>
    <subfield code="w">(UA-OsUOA) 101686 </subfield>
  </datafield>
  <datafield tag="942" ind1=" " ind2=" ">
    <subfield code="c">BKA</subfield>
    <subfield code="2">udc</subfield>
  </datafield>
  <datafield tag="955" ind1=" " ind2=" ">
    <subfield code="a">1</subfield>
  </datafield>
</record>
